| 000 | 00620nam a22001935i 4500 | ||
|---|---|---|---|
| 001 | 158830 | ||
| 003 | ES-MaACL | ||
| 005 | 20230906211330.0 | ||
| 008 | 040907s1876 gw |||| | eng d | ||
| 040 |
_aCAM _bspa _cCAM |
||
| 100 | 1 |
_aMarryat, Florence. _9129539 |
|
| 245 | 1 | 4 |
_aThe poison of asps _b: and others stories / _cby Florence Marryat. |
| 260 |
_aLeipzig : _bBernhard Tauchnitz, _c1876. |
||
| 300 |
_a307 p. ; _c16 cm. |
||
| 490 | 1 |
_aCollection of British Authors ; _v1562 |
|
| 830 | 0 |
_aCollection of British Authors ; _v1562 _9180703 |
|
| 852 |
_aES-MaACL _jG-11781 _z-- Enc. hol. |
||
| 999 |
_c158830 _d158830 |
||